[Event "37th Andorra Open 2019"]
[Site "Caldea"]
[Date "2019.07.28"]
[Round "2.2"]
[White "Lagarde, Maxime"]
[Black "Morros Faura, Ricard"]
[Result "1-0"]
[WhiteElo "2597"]
[BlackElo "2258"]
[Annotator "ChessBase"]
[PlyCount "74"]
[EventDate "2018.07.21"]
[EventType "swiss"]
[EventCountry "AND"]
[SourceTitle "playchess.com"]
[Source "ChessBase"]
[SourceQuality "1"]
[TimeControl "40/5400+30:1800+30"]

1. Nf3 {[%emt 0:00:00]} Nf6 {[%emt 0:06:55]} 2. c4 {[%emt 0:00:00]} e6 {[%emt 0:00:25]} 3. b3 {[%emt 0:00:20]} b6 {[%emt 0:01:41]} 4. g3 {[%emt 0:00:41]} Bb7 {[%emt 0:00:57]} 5. Bg2 {[%emt 0:00:04]} Be7 {[%emt 0:00:36]} 6. O-O {[%emt 0:00:06]} O-O {[%emt 0:00:21]} 7. Bb2 {[%emt 0:00:03]} d6 {[%emt 0:00:21]} 8. Re1 {[%emt 0:02:37]} Nbd7 {[%emt 0:02:48]} 9. Nc3 {[%emt 0:00:20]} Nc5 {[%emt 0:05:24]} 10. Qc2 {[%emt 0:06:39]} e5 {[%emt 0:20:54]} 11. d4 {[%emt 0:06:29]} exd4 {[%emt 0:00:40]} 12. Nxd4 {[%emt 0:00:06]} Bxg2 {[%emt 0:01:50]} 13. Kxg2 {[%emt 0:00:03]} Re8 {[%emt 0:01:43]} 14. e4 {[%emt 0:02:53]} Bf8 {[%emt 0:07:22]} 15. f3 {[%emt 0:00:10]} Qd7 {[%emt 0:11:25]} 16. Nd5 {[%emt 0:05:50]} Nxd5 {[%emt 0:06:16]} 17. cxd5 {[%emt 0:00:04]} a5 {[%emt 0:01:23]} 18. Nc6 {[%emt 0:02:48]} f5 {[%emt 0:04:10]} 19. exf5 {[%emt 0:00:20]} Rxe1 {[%emt 0:06:04]} 20. Rxe1 {[%emt 0:00:04]} Re8 {[%emt 0:00:49]} 21. Re6 {[%emt 0:00:48]} Qf7 {[%emt 0:03:18]} 22. g4 {[%emt 0:00:29]} Be7 {[%emt 0:03:06]} 23. f4 {[%emt 0:06:42]} Bf6 {[%emt 0:05:39]} 24. Ba3 {[%emt 0:01:24]} Nxe6 {[%emt 0:05:00]} 25. dxe6 {[%emt 0:00:04]} Rxe6 {[%emt 0:00:37]} 26. fxe6 {[%emt 0:00:13]} Qxe6 {[%emt 0:00:02]} 27. h3 {[%emt 0:00:52]} Qd5+ {[%emt 0:01:30]} 28. Kg3 {[%emt 0:01:19]} Qh1 {[%emt 0:00:43]} 29. g5 {[%emt 0:00:15]} Qg1+ {[%emt 0:01:09]} 30. Qg2 {[%emt 0:00:53]} Qe3+ {[%emt 0:00:48]} 31. Qf3 {[%emt 0:00:54]} Qg1+ {[%emt 0:00:42]} 32. Kh4 {[%emt 0:00:31]} Qe1+ {[%emt 0:00:16]} 33. Kg4 {[%emt 0:00:25]} Qg1+ {[%emt 0:01:00]} 34. Kf5 {[%emt 0:01:44]} Qb1+ {[%emt 0:00:33]} 35. Ke6 {[%emt 0:00:09]} Qe1+ {[%emt 0:00:32]} 36. Kd7 {[%emt 0:00:17]} Bc3 {[%emt 0:00:29]} 37. Qd5+ {[%emt 0:00:13]} Kf8 {[%emt 0:00:40]} 1-0

[Event "37th Andorra Open 2019"]
[Site "Caldea"]
[Date "2019.07.28"]
[Round "2.2"]
[White "Palacios Herrero, Pablo"]
[Black "Peralta, Fernando"]
[Result "*"]
[WhiteElo "2248"]
[BlackElo "2562"]
[Annotator "TA"]
[PlyCount "33"]
[EventDate "2018.07.21"]
[EventType "swiss"]
[EventCountry "AND"]
[SourceTitle "playchess.com"]
[Source "ChessBase"]
[SourceQuality "1"]

{[%evp 9,9,12]} 1. Nf3 Nf6 2. c4 e6 3. b3 b6 4. g3 Bb7 5. Bg2 {Predecessor:} Be7 $146 6. Bb2 O-O 7. O-O c5 8. Nc3 d5 9. e3 Qc8 10. Rc1 Rd8 11. cxd5 Nxd5 12. Nxd5 Bxd5 13. d4 a5 14. dxc5 bxc5 15. Nh4 Bxg2 16. Qg4 Bf8 17. Nxg2 {½-½ (64) Artemiev,V (2706)-Kramnik,V (2779) Douglas 2018} *

[Event "37th Andorra Open 2019"]
[Site "Caldea"]
[Date "2019.07.28"]
[Round "2.3"]
[White "Palacios Herrero, Pablo"]
[Black "Peralta, Fernando"]
[Result "0-1"]
[WhiteElo "2248"]
[BlackElo "2562"]
[Annotator "ChessBase"]
[PlyCount "34"]
[EventDate "2018.07.21"]
[EventType "swiss"]
[EventCountry "AND"]
[SourceTitle "playchess.com"]
[Source "ChessBase"]
[SourceQuality "1"]
[TimeControl "40/5400+30:1800+30"]

1. e4 {[%emt 0:00:20]} e6 {[%emt 0:00:00]} 2. d4 {[%emt 0:00:38]} d5 {[%emt 0:00:00]} 3. e5 {[%emt 0:00:25]} c5 {[%emt 0:00:00]} 4. c3 {[%emt 0:00:05]} Nc6 {[%emt 0:00:00]} 5. Nf3 {[%emt 0:00:06]} Bd7 {[%emt 0:00:11]} 6. Be2 {[%emt 0:00:14]} Nge7 {[%emt 0:00:27]} 7. O-O {[%emt 0:00:54]} Nf5 {[%emt 0:00:21]} 8. dxc5 {[%emt 0:06:00]} Bxc5 {[%emt 0:00:20]} 9. c4 {[%emt 0:00:21]} dxc4 {[%emt 0:04:32]} 10. Bxc4 {[%emt 0:01:57]} Ncd4 {[%emt 0:08:03]} 11. Nxd4 {[%emt 0:08:43]} Bxd4 {[%emt 0:01:20]} 12. Qe2 {[%emt 0:05:08]} O-O {[%emt 0:12:53]} 13. Nd2 {[%emt 0:02:04]} Bc6 {[%emt 0:01:20]} 14. Nb3 {[%emt 0:03:50]} Bb6 {[%emt 0:01:29]} 15. Bd2 {[%emt 0:06:45]} Qh4 {[%emt 0:08:43]} 16. Rac1 {[%emt 0:12:39]} Ng3 {[%emt 0:05:01]} 17. Qe1 {[%emt 0:07:48]} Qg4 {[%emt 0:03:53]} 0-1

[Event "37th Andorra Open 2019"]
[Site "Caldea"]
[Date "2019.07.28"]
[Round "2.4"]
[White "Vavulin, Maxim"]
[Black "Fernandez De Bobadilla, Gabriel"]
[Result "1-0"]
[WhiteElo "2561"]
[BlackElo "2231"]
[Annotator "ChessBase"]
[PlyCount "65"]
[EventDate "2018.07.21"]
[EventType "swiss"]
[EventCountry "AND"]
[SourceTitle "playchess.com"]
[Source "ChessBase"]
[SourceQuality "1"]
[TimeControl "40/5400+30:1800+30"]

1. e4 {[%emt 0:00:00]} c5 {[%emt 0:08:59]} 2. Nc3 {[%emt 0:00:40]} a6 {[%emt 0:00:11]} 3. Nf3 {[%emt 0:00:58]} d6 {[%emt 0:00:11]} 4. d4 {[%emt 0:00:48]} cxd4 {[%emt 0:00:08]} 5. Nxd4 {[%emt 0:00:05]} Nf6 {[%emt 0:00:11]} 6. Be3 {[%emt 0:01:05]} e5 {[%emt 0:00:15]} 7. Nb3 {[%emt 0:00:11]} Be6 {[%emt 0:00:15]} 8. h3 {[%emt 0:01:10]} Nbd7 {[%emt 0:11:50]} 9. g4 {[%emt 0:00:37]} h6 {[%emt 0:01:28]} 10. Qd2 {[%emt 0:00:36]} Be7 {[%emt 0:01:26]} 11. f4 {[%emt 0:01:13]} exf4 {[%emt 0:00:20]} 12. Bxf4 {[%emt 0:00:07]} Ne5 {[%emt 0:01:00]} 13. O-O-O {[%emt 0:00:54]} b5 {[%emt 0:04:10]} 14. Qg2 {[%emt 0:02:41]} Nfd7 {[%emt 0:03:33]} 15. Kb1 {[%emt 0:00:42]} Rc8 {[%emt 0:05:39]} 16. Nd5 {[%emt 0:00:40]} Bg5 {[%emt 0:02:02]} 17. Bg3 {[%emt 0:01:00]} Bh4 {[%emt 0:05:51]} 18. Nd4 {[%emt 0:01:08]} Bxg3 {[%emt 0:02:31]} 19. Qxg3 {[%emt 0:02:28]} g6 {[%emt 0:05:51]} 20. Rh2 {[%emt 0:03:22]} Bxd5 {[%emt 0:02:27]} 21. exd5 {[%emt 0:00:08]} h5 {[%emt 0:00:13]} 22. gxh5 {[%emt 0:01:32]} Rxh5 {[%emt 0:00:15]} 23. h4 {[%emt 0:00:12]} Nf6 {[%emt 0:13:45]} 24. Re2 {[%emt 0:18:12]} Kf8 {[%emt 0:02:46]} 25. Bg2 {[%emt 0:00:53]} Nfg4 {[%emt 0:03:22]} 26. Nc6 {[%emt 0:01:31]} Qxh4 {[%emt 0:11:43]} 27. Qa3 {[%emt 0:00:22]} Qf6 {[%emt 0:05:37]} 28. Qxa6 {[%emt 0:00:45]} Re8 {[%emt 0:00:48]} 29. Qxb5 {[%emt 0:01:33]} Nxc6 {[%emt 0:02:12]} 30. Rxe8+ {[%emt 0:00:36]} Kxe8 {[%emt 0:00:01]} 31. Qxc6+ {[%emt 0:13:50]} Kf8 {[%emt 0:00:01]} 32. Qc8+ {[%emt 0:00:15]} Kg7 {[%emt 0:00:31]} 33. Qxg4 {[%emt 0:00:11]} 1-0

[Event "37th Andorra Open 2019"]
[Site "Caldea"]
[Date "2019.07.28"]
[Round "2.5"]
[White "Romero Pallares, Daniel"]
[Black "Cuartas, Jaime Alexander"]
[Result "0-1"]
[WhiteElo "2230"]
[BlackElo "2542"]
[Annotator "TA"]
[PlyCount "100"]
[EventDate "2018.07.21"]
[EventType "swiss"]
[EventCountry "AND"]
[SourceTitle "playchess.com"]
[Source "ChessBase"]
[SourceQuality "1"]

{[%evp 13,100,6,6,0,0,0,0,0,19,10,35,4,6,11,16,0,20,0,7,-19,-15,-31,-19,-77,-88,-114,-102,-118,-118,-159,-152,-187,-181,-203,-190,-192,-156,-116,-91,-92,-89,-124,-73,-97,-92,-86,0,0,0,-85,-25,-93,-100,-150,-139,-137,-143,-775,-783,-825,-817,-816,-204,-167,-170,-159,-123,-135,-56,-53,0,-182,-178,-496,-481,-496,-485,-488,-476,-463,-456,-447,-454,-1255,-1212,-29986,-29987,-29986,-29987]} 1. Nf3 d5 2. g3 Nf6 3. Bg2 c6 4. O-O Bg4 5. b3 Nbd7 6. Bb2 e6 7. d3 a5 8. a4 {A07: Réti Opening: New York and Capablanca Systems} Bc5 9. Nbd2 O-O 10. e4 {The position is equal.} h6 $146 ({Predecessor:} 10... Qe7 11. Qe2 Bh5 12. Rfe1 h6 13. Nf1 dxe4 14. dxe4 Ng4 15. Nd4 Qg5 16. f4 Qg6 17. Bf3 {0-1 (40) Minasian,A (2525)-Ehlvest,J (2600) New York 1994}) 11. Qe2 Qb6 12. h3 Bh5 13. e5 Ne8 14. g4 Bg6 15. Kh1 Nc7 16. Rae1 Be7 17. Ng1 f6 18. f4 (18. exf6 $11 {remains equal.} Bxf6 19. Ba3) 18... fxe5 $17 19. Bxe5 Nxe5 20. fxe5 Na6 21. Rxf8+ Rxf8 22. Rf1 Nb4 23. Rxf8+ Bxf8 24. Ndf3 Qc5 25. Ne1 Qc3 {Hoping for ...Nxc2!} 26. Ngf3 Be7 27. Qf2 Qa1 (27... b5 $142 28. Qd4 Qxd4 29. Nxd4 bxa4 30. bxa4 Kf7) 28. Kh2 Bg5 29. Kg3 Bc1 (29... Qc1 $17 {[%csl Gg5][%cal Rc1f4]} 30. Nxg5 hxg5) 30. h4 $1 $11 Bb2 31. Qe3 (31. Bh3 $11) 31... Qd1 (31... Qc1 $17 32. Qxc1 Bxc1) 32. h5 (32. g5 $11) 32... Bf7 $36 {[%mdl 2048] Black is in control.} 33. g5 Bc1 $1 {[%cal Rc1e3]} ({Of course not} 33... Bxh5 $6 34. gxh6 Bc1 35. Qc5 $11) ({Inferior is} 33... Nxc2 34. Nxc2 Bxh5 35. Ncd4 $16) 34. Qa7 hxg5 35. Qxa5 $2 {[%mdl 8192]} (35. h6 $17 Bf4+ 36. Kf2) 35... Nxc2 36. Qd8+ Kh7 37. Nxc2 Qxc2 $2 (37... Bf4+ 38. Kh3 Qxd3) 38. Nxg5+ $19 Bxg5 39. Qxg5 Qxd3+ 40. Bf3 c5 ({But not} 40... Qxb3 $6 41. h6 $1 $11 {[%mdl 512]}) ({Black should play} 40... Qb1 $17 {And now ...Qg1+ would win.} 41. Qf4 Kg8) 41. a5 $1 $15 Be8 (41... Qb1 $15 42. Qe7 Qe1+ 43. Kg2 Qd2+ 44. Kh3 Qf4) 42. Kf2 $2 (42. Qg4 $1 $11 {and White has nothing to worry.}) 42... Qxb3 $19 {White must now prevent ...Qa2+.} 43. Qe7 $2 (43. h6 {is a better chance.} Qc2+ 44. Be2 Qf5+ 45. Qxf5+ exf5 46. e6) 43... Qb2+ {[%mdl 64] Double Attack} 44. Kg1 Qc1+ 45. Kf2 {[#]} Qd2+ $1 46. Kg3 Qe1+ {[%mdl 64] Double Attack} 47. Kg2 {[#]} Bb5 $1 {[%cal Rb5f1] ...Bf1+ is the strong threat.} 48. Qf7 (48. Qxc5 $142 Bf1+ 49. Kh2 Qxe5+ 50. Kg1) 48... Bf1+ 49. Kh2 Qf2+ 50. Kh1 {[#]} Bg2+ $1 {[%mdl 576] Pin. Accuracy: White = 26%, Black = 53%.} 0-1

[Event "37th Andorra Open 2019"]
[Site "Caldea"]
[Date "2019.07.28"]
[Round "2.6"]
[White "Kharitonov, Alexandr"]
[Black "Serra Pages, Jordi"]
[Result "1/2-1/2"]
[WhiteElo "2540"]
[BlackElo "2228"]
[Annotator "TA"]
[PlyCount "136"]
[EventDate "2018.07.21"]
[EventType "swiss"]
[EventCountry "AND"]
[SourceTitle "playchess.com"]
[Source "ChessBase"]
[SourceQuality "1"]

{[%evp 19,136,25,41,35,31,26,17,22,22,27,45,0,0,-21,0,0,0,0,0,3,0,-21,-9,-23,-8,-28,-9,-20,0,0,2,-5,-5,-11,0,0,-4,-11,-6,-9,0,0,0,0,0,0,0,0,0,0,0,0,0,0,0,0,0,0,0,0,0,0,0,0,17,0,0,0,8,0,9,10,10,12,12,0,0,0,0,0,0,0,0,0,0,0,0,0,0,0,0,0,0,0,0,0,0,0,0,0,0,0,0,0,0,0,0,0,0,0,0,0,0,0,0,0,0,0,0]} 1. Nf3 Nf6 2. c4 e6 3. d4 d5 4. Nc3 c5 5. cxd5 Nxd5 6. e3 cxd4 7. exd4 Bb4 8. Bd2 O-O 9. Bd3 h6 10. O-O Nc6 11. Qe2 {B14: Caro-Kann: Panov-Botvinnik Attack with 5...e6 and 5...g6} Nf6 12. Rad1 (12. a3 Be7 13. Ne4 Nxe4 14. Qxe4 f5 15. Qe3 Bf6 16. Bc3 Ne7 17. Bc4 Nd5 18. Qe2 Qd6 {½-½ (35) Lintchevski,D (2569)-Sakaev,K (2594) St Petersburg 2017}) 12... Nxd4 $146 ({Predecessor:} 12... b6 13. a3 Be7 14. Bf4 Bb7 15. Bb1 Rc8 16. Rfe1 Na5 17. Ne5 Nd5 18. Qd3 f5 {1-0 (38) Lyell,M (2290)-Nomin Erdene,D (2107) Kecskemet 2014}) 13. Nxd4 Qxd4 {[#]} 14. Bxh6 $1 {[%mdl 512] And now Bh7+! would win.} Qg4 {Strongly threatening ...Qxe2.} ({Not} 14... gxh6 $2 {[#]} 15. Bh7+ $1 {[%mdl 512]} Kxh7 16. Rxd4 $18) 15. f3 Qh5 16. Bf4 Bxc3 17. bxc3 Nd5 18. Bd2 {Threatening g4.} Nxc3 {[%mdl 64] Decoy} 19. Bxc3 Qc5+ 20. Kh1 Qxc3 21. Rc1 (21. Qe4 {looks sharper.} g6 22. Qh4 b6 23. Be4 Ba6 24. Rg1) 21... Qf6 22. Rc7 e5 23. Be4 {The position is equal.} Bf5 24. Rxb7 Bxe4 25. fxe4 Qc6 26. Rfb1 Rfc8 {White must now prevent ...Qxb7!} 27. h3 Rc7 28. R7b5 Re8 29. Kh2 Qc4 30. Qxc4 Rxc4 31. R1b4 Rxb4 32. Rxb4 $11 {[%mdl 4096] Endgame KR-KR} Re7 33. h4 g6 34. Kg3 Rc7 35. Ra4 Kg7 36. Kg4 Rd7 37. g3 Kf6 38. Ra6+ Kg7 39. Kf3 Rd3+ 40. Kf2 Rd7 41. Ra5 Kf6 42. g4 Rc7 43. g5+ Kg7 44. Ke2 Rc3 45. a4 Rh3 46. Rxe5 {aiming for Ra5.} Rxh4 47. Kd3 f5 48. Re7+ Kf8 49. Re6 (49. Rxa7 {is more complex.} fxe4+ 50. Ke3 Rg4 51. Ra5 Ke7 52. Rb5) 49... fxe4+ 50. Rxe4 Rh5 51. Re5 Rh4 52. Ra5 Rg4 53. Ke3 a6 54. Kf3 Rg1 55. Kf4 Rf1+ 56. Kg3 Rg1+ 57. Kf2 Rg4 58. Kf3 Rg1 59. Re5 Kf7 60. Kf4 Ra1 61. Ra5 Rf1+ 62. Ke4 Rg1 63. Kf3 Rf1+ 64. Ke3 Rg1 65. Rc5 Rg4 66. a5 Ke6 67. Rc6+ Kf5 68. Rxa6 Ra4 {Accuracy: White = 57%, Black = 69%.} 1/2-1/2

[Event "37th Andorra Open 2019"]
[Site "Caldea"]
[Date "2019.07.28"]
[Round "2.7"]
[White "Sanchez Dengra, Jose Maria"]
[Black "Rychagov, Andrey"]
[Result "1-0"]
[WhiteElo "2216"]
[BlackElo "2537"]
[Annotator "ChessBase"]
[PlyCount "45"]
[EventDate "2018.07.21"]
[EventType "swiss"]
[EventCountry "AND"]
[SourceTitle "playchess.com"]
[Source "ChessBase"]
[SourceQuality "1"]
[TimeControl "40/5400+30:1800+30"]

1. e4 {[%emt 0:00:00]} c5 {[%emt 0:00:00]} 2. Nf3 {[%emt 0:00:00]} e6 {[%emt 0:00:00]} 3. d4 {[%emt 0:00:07]} cxd4 {[%emt 0:00:00]} 4. Nxd4 {[%emt 0:00:06]} a6 {[%emt 0:00:05]} 5. Nc3 {[%emt 0:00:49]} Qc7 {[%emt 0:00:47]} 6. Be2 {[%emt 0:01:13]} Nf6 {[%emt 0:01:21]} 7. O-O {[%emt 0:02:17]} Be7 {[%emt 0:05:49]} 8. Be3 {[%emt 0:01:50]} d6 {[%emt 0:00:49]} 9. a4 {[%emt 0:02:00]} O-O {[%emt 0:02:17]} 10. f4 {[%emt 0:02:41]} Nc6 {[%emt 0:06:11]} 11. Kh1 {[%emt 0:09:10]} Bd7 {[%emt 0:08:27]} 12. Qe1 {[%emt 0:04:31]} Nxd4 {[%emt 0:20:47]} 13. Bxd4 {[%emt 0:00:07]} b5 {[%emt 0:04:30]} 14. Qg3 {[%emt 0:13:14]} b4 {[%emt 0:05:43]} 15. e5 {[%emt 0:01:36]} dxe5 {[%emt 0:00:18]} 16. Bxe5 {[%emt 0:04:09]} Qb7 {[%emt 0:04:32]} 17. Bf3 {[%emt 0:06:20]} Bc6 {[%emt 0:00:08]} 18. Ne2 {[%emt 0:00:56]} Bxf3 {[%emt 0:04:05]} 19. Rxf3 {[%emt 0:02:09]} g6 {[%emt 0:02:25]} 20. Nd4 {[%emt 0:09:26]} Rfd8 {[%emt 0:04:09]} 21. f5 {[%emt 0:07:23]} Ne4 {[%emt 0:02:31]} 22. Qh3 {[%emt 0:01:45]} exf5 {[%emt 0:05:44]} 23. Qxh7+ {[%emt 0:00:22]} 1-0

[Event "37th Andorra Open 2019"]
[Site "Caldea"]
[Date "2019.07.28"]
[Round "2.8"]
[White "Kogan, Arthur"]
[Black "Gil Quilez, David"]
[Result "1-0"]
[WhiteElo "2535"]
[BlackElo "2206"]
[Annotator "TA"]
[PlyCount "77"]
[EventDate "2018.07.21"]
[EventType "swiss"]
[EventCountry "AND"]
[SourceTitle "playchess.com"]
[Source "ChessBase"]
[SourceQuality "1"]

{[%evp 14,77,9,-14,17,0,44,0,0,0,4,-8,0,0,46,45,52,35,41,48,89,89,127,33,85,85,159,154,134,138,133,114,100,53,112,111,154,149,110,92,552,550,546,545,935,901,1312,1301,1202,1157,2021,1852,5477,5078,2127,1864,1635,1095,29989,29982,29981,29982,29996,29997,29997,29998]} 1. c4 f5 2. Nc3 Nf6 3. Nf3 d6 4. g3 g6 5. Bg2 Bg7 6. O-O O-O 7. d3 e5 8. Bg5 c5 {A21: English Opening: 1...e5 2 Nc3} (8... h6 9. Bxf6 Qxf6 10. Nd2 c6 11. b4 Be6 12. Nb3 Qf7 13. Rc1 Na6 14. b5 cxb5 15. Nxb5 Rfd8 16. Nc3 {1-0 (73) Dvalishvili,P (2396)-Potapov,P (2516) Moscow 2019}) 9. Nd5 $146 ({Predecessor:} 9. Qc1 Re8 10. Nd5 Be6 11. Nxf6+ Bxf6 12. Bxf6 Qxf6 13. Ng5 {1-0 (43) Ait Abbes,N-Chibane,N Algiers 2012}) 9... Be6 10. Ne1 {aiming for Bxf6.} Nc6 {The position is equal.} 11. Nc2 Qd7 12. Qd2 Bxd5 13. cxd5 Ne7 14. e4 $36 {[%mdl 2048] White fights for an advantage.} b5 15. Bh3 Qc7 16. f3 Nh5 17. Rac1 a5 {[#]} 18. Na3 (18. d4 $1 $16) 18... b4 (18... Rab8 $14) 19. Nc4 $16 f4 (19... Kh8 $142) 20. Be6+ Kh8 21. g4 Bf6 22. gxh5 Bxg5 23. Qg2 Bf6 (23... gxh5 $14 24. d4 (24. Qxg5 Rg8 $11) 24... Bf6) 24. hxg6 Nxg6 25. Kh1 Ra6 26. Rg1 {Strongly threatening Qh3.} Bg7 $2 {[%mdl 8192]} (26... Qd8 $16) 27. Qh3 $18 Rf6 28. Rg5 Qe7 29. Rcg1 Rxe6 30. dxe6 {Intending Rxg6 and mate.} Kg8 31. Qf5 Ra8 32. Nb6 Rf8 33. Nd5 Qe8 34. Qg4 Bf6 {[#]} 35. e7 $1 Bxe7 36. Rxg6+ {White mates.} hxg6 37. Nxe7+ {[%mdl 64] Overworked Piece} Qxe7 38. Qxg6+ Kh8 39. Qh6+ {Accuracy: White = 59%, Black = 27%.} 1-0

[Event "37th Andorra Open 2019"]
[Site "Caldea"]
[Date "2019.07.29"]
[Round "3.1"]
[White "Roberson, Peter T"]
[Black "Lagarde, Maxime"]
[Result "0-1"]
[WhiteElo "2429"]
[BlackElo "2597"]
[Annotator "TA"]
[PlyCount "100"]
[EventDate "2018.07.21"]
[EventType "swiss"]
[EventCountry "AND"]
[SourceTitle "playchess.com"]
[Source "ChessBase"]
[SourceQuality "1"]

{[%evp 17,104,45,33,0,24,8,23,0,20,0,-12,-20,60,54,120,25,35,39,27,19,41,33,31,8,32,0,19,19,14,20,19,8,24,-18,19,12,38,0,61,0,67,84,104,93,95,89,100,75,172,185,183,-156,-137,-149,-141,-112,-147,-214,-217,-217,-101,-94,-101,-101,-94,-144,-157,-5033,-5033,-29982,-29983,-29992,-1728,-29985,-29986,-29986,-29987,-29987,-29988,-29988,-29971,-29989,-29990,-29993,-29991,-29992,-29991,-29991,-6079]} 1. e4 e5 2. Nf3 Nc6 3. Bb5 a6 4. Ba4 Nf6 5. O-O b5 6. Bb3 Bc5 7. a4 Rb8 8. c3 d6 9. d4 Bb6 10. a5 {C78: Ruy Lopez: Archangelsk and Möller Defences} Ba7 $1 11. h3 O-O 12. Be3 {White has an edge.} Ra8 13. Bg5 (13. Nbd2 h6 14. Re1 Re8 15. Qb1 exd4 16. cxd4 Nb4 17. Ra3 c5 18. dxc5 dxc5 19. Bxf7+ Kxf7 {0-1 (33) Lagarde,M (2612)-Jones,G (2698) Reykjavik 2019}) 13... h6 14. Bh4 Qe7 (14... exd4 $11 15. Nxd4 Nxd4 16. cxd4 g5) 15. Re1 $14 Kh7 $146 (15... Rb8 $14) ({Predecessor:} 15... Bb7 16. Bd5 Rab8 17. Na3 g5 {1-0 (59) Rohit,G (2470)-Larsen,K (2307) Copenhagen 2007}) 16. Qd3 (16. Nbd2 $16) 16... g5 $11 17. Bg3 Nh5 18. Nbd2 Nf4 19. Bxf4 gxf4 20. Kh2 Qf6 21. Rg1 Ne7 22. g4 {next g5 is good for White.} fxg3+ $1 23. fxg3 c5 24. dxe5 dxe5 {White must now prevent ...c4.} 25. c4 $1 Ng6 26. Rad1 Rb8 27. Rgf1 Qe7 ({Black should try} 27... Qe6 $11 28. Ng1 Qe7) 28. Nb1 (28. Ne1 $14) 28... Be6 (28... f5 $11) 29. Nc3 $1 $14 Rfd8 30. Qe2 $1 Rxd1 31. Rxd1 bxc4 {[%cal Bb5c4,Bc4c3][%mdl 32]} 32. Ba2 $1 Rb4 (32... Qe8 $16) 33. Nd5 $18 Bxd5 34. exd5 $2 (34. Rxd5 $18 Bb8 35. Bxc4) 34... e4 35. d6 Qf6 $1 ({Avoid the trap} 35... exf3 $2 36. Qxe7 Rxb2+ 37. Kg1 $18) 36. Qxe4 c3 $1 (36... Rxb2+ $6 37. Kh1 $11) 37. Qd5 (37. Bc4 $17 Rxb2+ 38. Be2) 37... Rxb2+ $19 38. Kh1 {Threatens to win with Rf1.} Bb8 (38... c2 $1 $19 {[%cal Rc2d1]} 39. Rf1 Ne5 $1 {[%mdl 512]}) 39. d7 $17 Bc7 {...c2 is the strong threat.} 40. Rf1 Kg7 $1 {And now ...Ne5 would win.} 41. Qxc5 Ne5 $1 $40 {[%cal Re5f3][%mdl 128] White is in trouble.} ({Reject} 41... Bxg3 $6 42. Qc4 $11) 42. Bd5 $2 {[#]} ({Wrong is} 42. Qxc7 $2 Nxf3 43. g4 Rxa2 $19) (42. Qxc3 $17 Rxa2 43. d8=B Bxd8 44. Qxe5) 42... Qf5 $1 $19 {[%cal Rf5h3][%mdl 512]} 43. g4 Qd3 44. Qxc7 Qxf1+ {[%mdl 64] Double Attack} 45. Ng1 Qf4 {[%csl Gb2][%cal Rf4h2] Black mates.} 46. Bg2 Qg3 {[%csl Gb2][%cal Rg3g2]} 47. Qxe5+ Qxe5 48. d8=Q Rd2 49. Qc8 c2 50. Qc4 {[#]} Qg3 {Played: Qe5-a1} 0-1

[Event "37th Andorra Open 2019"]
[Site "Caldea"]
[Date "2019.07.31"]
[Round "3.1"]
[White "Roberson, Peter T"]
[Black "Lagarde, Maxime"]
[Result "0-1"]
[WhiteElo "2429"]
[BlackElo "2597"]
[Annotator "ChessBase"]
[PlyCount "104"]
[EventDate "2018.07.21"]
[EventType "swiss"]
[EventCountry "AND"]
[TimeControl "40/5400+30:1800+30"]

1. e4 {[%emt 0:00:00]} e5 {[%emt 0:00:00]} 2. Nf3 {[%emt 0:00:00]} Nc6 {[%emt 0:00:00]} 3. Bb5 {[%emt 0:00:55]} a6 {[%emt 0:00:00]} 4. Ba4 {[%emt 0:00:02]} Nf6 {[%emt 0:00:00]} 5. O-O {[%emt 0:00:09]} b5 {[%emt 0:00:00]} 6. Bb3 {[%emt 0:00:04]} Bc5 {[%emt 0:00:00]} 7. a4 {[%emt 0:02:11]} Rb8 {[%emt 0:00:07]} 8. c3 {[%emt 0:00:38]} d6 {[%emt 0:00:05]} 9. d4 {[%emt 0:00:49]} Bb6 {[%emt 0:00:03]} 10. a5 {[%emt 0:01:14]} Ba7 {[%emt 0:00:04]} 11. h3 {[%emt 0:01:43]} O-O {[%emt 0:01:46]} 12. Be3 {[%emt 0:00:12]} Ra8 {[%emt 0:13:41]} 13. Bg5 {[%emt 0:04:06]} h6 {[%emt 0:01:50]} 14. Bh4 {[%emt 0:02:23]} Qe7 {[%emt 0:10:39]} 15. Re1 {[%emt 0:10:12]} Kh7 {[%emt 0:03:22]} 16. Qd3 {[%emt 0:04:56]} g5 {[%emt 0:03:54]} 17. Bg3 {[%emt 0:02:24]} Nh5 {[%emt 0:00:28]} 18. Nbd2 {[%emt 0:14:25]} Nf4 {[%emt 0:02:33]} 19. Bxf4 {[%emt 0:05:11]} gxf4 {[%emt 0:00:04]} 20. Kh2 {[%emt 0:02:33]} Qf6 {[%emt 0:03:10]} 21. Rg1 {[%emt 0:10:13]} Ne7 {[%emt 0:02:15]} 22. g4 {[%emt 0:02:44]} fxg3+ {[%emt 0:01:04]} 23. fxg3 {[%emt 0:05:09]} c5 {[%emt 0:00:29]} 24. dxe5 {[%emt 0:06:05]} dxe5 {[%emt 0:01:44]} 25. c4 {[%emt 0:00:13]} Ng6 {[%emt 0:02:32]} 26. Rad1 {[%emt 0:07:45]} Rb8 {[%emt 0:01:59]} 27. Rgf1 {[%emt 0:02:14]} Qe7 {[%emt 0:06:35]} 28. Nb1 {[%emt 0:06:06]} Be6 {[%emt 0:08:33]} 29. Nc3 {[%emt 0:02:41]} Rfd8 {[%emt 0:02:24]} 30. Qe2 {[%emt 0:01:10]} Rxd1 {[%emt 0:03:39]} 31. Rxd1 {[%emt 0:03:39]} bxc4 {[%emt 0:00:08]} 32. Ba2 {[%emt 0:01:52]} Rb4 {[%emt 0:07:34]} 33. Nd5 {[%emt 0:01:14]} Bxd5 {[%emt 0:00:04]} 34. exd5 {[%emt 0:00:57]} e4 {[%emt 0:08:32]} 35. d6 {[%emt 0:00:32]} Qf6 {[%emt 0:00:05]} 36. Qxe4 {[%emt 0:00:28]} c3 {[%emt 0:08:08]} 37. Qd5 {[%emt 0:00:36]} Rxb2+ {[%emt 0:02:35]} 38. Kh1 {[%emt 0:00:01]} Bb8 {[%emt 0:04:23]} 39. d7 {[%emt 0:00:41]} Bc7 {[%emt 0:00:03]} 40. Rf1 {[%emt 0:00:00]} Kg7 {[%emt 0:00:00]} 41. Qxc5 {[%emt 0:12:47]} Ne5 {[%emt 0:16:00]} 42. Bd5 {[%emt 0:10:56]} Qf5 {[%emt 0:00:31]} 43. g4 {[%emt 0:08:46]} Qd3 {[%emt 0:02:15]} 44. Qxc7 {[%emt 0:00:29]} Qxf1+ {[%emt 0:07:30]} 45. Ng1 {[%emt 0:00:02]} Qf4 {[%emt 0:00:08]} 46. Bg2 {[%emt 0:00:57]} Qg3 {[%emt 0:00:37]} 47. Qxe5+ {[%emt 0:00:23]} Qxe5 {[%emt 0:00:05]} 48. d8=Q {[%emt 0:00:03]} Rd2 {[%emt 0:06:00]} 49. Qc8 {[%emt 0:00:33]} c2 {[%emt 0:00:10]} 50. Qc4 {[%emt 0:00:45]} Qa1 {[%emt 0:00:43]} 51. g5 {[%emt 0:00:20]} hxg5 {[%emt 0:00:29]} 52. Qc5 {[%emt 0:00:09]} Rxg2 {[%emt 0:00:22]} 0-1